| 000 | 00656nam a2200217Ii 4500 | ||
|---|---|---|---|
| 003 | JO-AjNU | ||
| 008 | 230606s9999||||xx |||||||||||||| ||und|| | ||
| 020 | _a0-241-1404-1 | ||
| 040 |
_aJO-AjNU _beng _erda _cJO-AjNU |
||
| 041 | _aeng | ||
| 050 | 1 | 4 | _aPR1110.B5.I28 2000 |
| 100 | 3 |
_aEdited by: NEWLAND,CORTTIA , KADIJA SESAY, _eauthor _92491 |
|
| 245 | 0 | 4 | _aThe Penguin Book Of New Black Writing in Britain |
| 250 | _a1 ed | ||
| 264 | 3 | 1 | _aLONDON: HAMISH HAMILTON, 2000 |
| 300 | _a460P | ||
| 336 |
_atext _btxt _2rdacontent |
||
| 337 |
_aunmediated _bn _2rdamedia |
||
| 338 |
_avolume _bnc _2rdacarrier |
||
| 650 | 4 |
_aNew Black Writing in Britain _92492 |
|
| 999 |
_aE1304 _c1304 _d1304 |
||